| 000 | 009290000a22003010004500 | ||
|---|---|---|---|
| 090 |
_aMM _b00191 |
||
| 245 | 1 | 0 | _aPrograma para minimizar la contaminación generada por la minería en el sur y occidente colombiano |
| 300 | _bCD-ROM | ||
| 440 | 0 |
_aBiblioteca ambiental digital, 11 _9101005 |
|
| 500 | _aRequerimientos del sistema: Software Acrobat Reader | ||
| 650 | 1 | 4 |
_aMinería _993137 |
| 650 | 1 | 4 |
_aContaminación ambiental _9351 |
| 650 | 1 | 4 |
_aProducción limpia _992713 |
| 650 | 1 | 4 |
_aDesarrollo sostenible _9278 |
| 651 | 4 |
_lAmazonia _pColombia _992749 |
|
| 651 | 4 |
_lChocó biogeográfico _pColombia _992749 |
|
| 041 | 0 | _aEspañol | |
| 044 | _aColombia | ||
| 110 | 1 |
_lColombia _aMinisterio del Medio Ambiente _997884 |
|
| 260 |
_aBogotá _bMinambiente _c2002 |
||
| 260 | _bGTZ | ||
| 260 | _bCVC | ||
| 260 | _bCODECHOCO | ||
| 260 | _bCRC | ||
| 260 | _bCORPONARIÑO | ||
| 260 | _bCORPOAMAZONIA | ||
| 942 | _cCD-ROM | ||
| 999 |
_c16567 _d16567 |
||